000 01419nam a2200301 c 4500
999 _c56723
_d56723
003 BLK
005 20200610085338.0
008 180408b bul|||||r ||||||| ||bul||
010 _aKNG00060709000
040 _aBLK
041 _aBUL
_cBUL
080 _aКлинично изследване. Клинична диагностика. Ирисодиагностика. - Анамнеза, преглед, клинична топография(измервания на тялото и главата)-цифрови индекси, гониометрия, антропометрия, палпация, перкусия,
_b616-071
_x(075.8)
_z616-071(075.8)
100 1 _aДочев, Дочо Христов
_eпърви автор
_9242743
139 _aДочев, Дочо Христов
_bД 84
245 1 0 _aКлинична лаборатория
_bУчебник за студенти по медицина
_cДочо Христов Дочев.
257 _aBGR
260 _bМедицина и физкултура
_c1983
_aСофия
300 _a223 с.
_c25 см
380 _a61
650 4 _aЛабораторна диагностика - учебници за ВУЗ
_9242094
653 _aлабораторна диагностика
653 _aучебници
852 _aЦб 122407
856 4 _qpdf
856 4 _qpdf
942 _cKNG
_n0
_s1
944 _aCR
_c13.06.2004
_kЧиталня
944 _aED
_c14.08.2015
999 _d56723